| 000 | 00405nam a22001577a 4500 | ||
|---|---|---|---|
| 005 | 20251108172826.0 | ||
| 008 | 250721s2001 xx 000 0 eng d | ||
| 082 | 1 | 4 | _aR/005.74/MCS |
| 245 | 1 | 0 | _aMCSE TRAINING KIT EXAM 70-228 / |
| 264 | 1 |
_aNEW DELHI : _bPRENTICE-HALL OF INDIA, _c2001. |
|
| 300 | _a689 W | ||
| 650 | 1 | 7 | _aDATA BASE |
| 650 | 1 | 7 | _aCOMPUTER NETWORKS |
| 942 |
_2ddc _cREF |
||
| 999 |
_c89408 _d89408 |
||